Welcome to CU Library Online Public Access Catalogue (OPAC)

Advanced accountancy; (Record no. 4120)

MARC details
000 -LEADER
fixed length control field 00434nam a22001577a 4500
005 - DATE AND TIME OF LATEST TRANSACTION
control field 20250222104446.0
008 - FIXED-LENGTH DATA ELEMENTS--GENERAL INFORMATION
fixed length control field 250222b |||||||| |||| 00| 0 eng d
020 ## - INTERNATIONAL STANDARD BOOK NUMBER
International Standard Book Number 8180640612
050 ## - LIBRARY OF CONGRESS CALL NUMBER
Classification number HF5635
Item number GUP
100 ## - MAIN ENTRY--PERSONAL NAME
Personal name Gupta, R. I.
245 ## - TITLE STATEMENT
Title Advanced accountancy;
Remainder of title theory, method and application
260 ## - PUBLICATION, DISTRIBUTION, ETC.
Place of publication, distribution, etc. New Delhi
Name of publisher, distributor, etc. Sultan Chand and Sons
Date of publication, distribution, etc. 2003
300 ## - PHYSICAL DESCRIPTION
Extent xviii, AM-VI.11
700 ## - ADDED ENTRY--PERSONAL NAME
Personal name Radhaswamy, M.
942 ## - ADDED ENTRY ELEMENTS (KOHA)
Source of classification or shelving scheme Library of Congress Classification
Koha item type Books
Suppress in OPAC No
999 ## -
-- 4120
-- 4120
Holdings
Withdrawn status Lost status Source of classification or shelving scheme Damaged status Not for loan Collection Home library Current library Shelving location Date acquired Total checkouts Full call number Barcode Date last seen Copy number Price effective from Koha item type
    Library of Congress Classification     Non-fiction Undergraduate Library (Christ Temple) Undergraduate Library (Christ Temple) General stacks 02/22/2025   HF5535 GUP ulct00001340 02/22/2025 1 02/22/2025 Books
    Library of Congress Classification     Non-fiction Undergraduate Library (Christ Temple) Undergraduate Library (Christ Temple) General stacks 02/22/2025   HF5535 GUP ulct00001341 02/22/2025 2 02/22/2025 Books
© 2023-2024 Copyright: Central University Libraries. All Rights Reserved | Created by: Mahone Tech Office